Statistics for Foods by U.S. Origin

Click here to take the quiz!

General Stats

  • This quiz has been taken 970 times
    (948 since last reset)
  • The average score is 6 of 14

Answer Stats

HintAnswer% Correct
Deep Dish PizzaChicago
90%
Cheese SteakPhiladelphia
88%
GumboNew Orleans
86%
Chicken WingsBuffalo
75%
Baked BeansBoston
67%
Coca - ColaAtlanta
57%
BuckeyesCleveland
38%
Cobb SaladLos Angeles
22%
Cuban SandwichTampa
22%
Sonoran DogTucson
11%
White Hot Garbage PlateRochester
7%
Loco MocoHilo
3%
Horseshoe SandwichSpringfield, IL
2%
KringleRacine, WI
0%

Score Distribution

Percentile by Number Answered

Percent of People with Each Score

Your Score History

You have not taken this quiz since the last reset